| 000 | 00699cab a2200229 4500 | ||
|---|---|---|---|
| 001 | WB3136-02 | ||
| 008 | 090401t1995 xxu||||| |||| 00| 0 eng d | ||
| 035 | _a(Sirsi) u74596 | ||
| 041 | _aeng | ||
| 245 | _aJobs market takes a dive | ||
| 260 | _c1995 | ||
| 350 | _a0 | ||
| 490 |
_aConstruction News _v(6434) 28 September 1995, 3(1) |
||
| 520 | _aA rise in contract employment and over-capacity in the workforce look set to result in poor opportunity for jobs in the construction industry. | ||
| 650 | _aCONTRACT EMPLOYMENT | ||
| 650 | _aRECRUITMENT CONSULTANTS | ||
| 650 | _aSITE OPERATIVES | ||
| 650 | _aWORKFORCE | ||
| 690 | _aBUILT ENVIRONMENT | ||
| 942 | _n0 | ||
| 948 | _c04/03/1997 | ||
| 999 |
_c47014 _d47014 |
||